Normal view
MARC view
Entry Término temático
001 - NÚMERO DE CONTROL
- campo de control: 80166
003 - IDENTIFICADOR DEL NÚMERO DE CONTROL
- campo de control: DO-SdBNP
005 - FECHA Y HORA DE LA ÚLTIMA TRANSACCIÓN
- campo de control: 20211012095704.0
008 - DATOS DE LONGITUD FIJA
- campo de control de longitud fija: 211012|| aca||aabn | a|a d
040 ## - FUENTE DE LA CATALOGACIÓN
- Centro catalogador/agencia de origen: DO-SdBNP
- Centro/agencia transcriptor: DO-SdBNP
150 ## - ENCABEZAMIENTO--TÉRMINO DE MATERIA
- Término de materia o nombre geográfico como elemento de entrada: Política de gastos públicos
- Subdivisión geográfica: República Dominicana
- Subdivisión cronológica: 2021-2024
670 ## - FUENTE DE DATOS ENCONTRADOS
- Cita de la fuente: Work cat.: (DO-SdBNP)50732: República Dominicana. Ministerio de Economia , Planificación y Desarrollo. 33484, Plan nacional plurianual del sector público, 2021-2024/, 2021
